Faculty of Law Library — Cairo University

Official Online Catalog

Pratique Criminelle Des Cours Et Tribunaux. (Record no. 70518)

MARC details
000 -LEADER
fixed length control field 01041nam a2200289 i 4500
003 - CONTROL NUMBER IDENTIFIER
control field EG-GICUC
005 - DATE AND TIME OF LATEST TRANSACTION
control field 20260413191647.0
008 - FIXED-LENGTH DATA ELEMENTS--GENERAL INFORMATION
fixed length control field 260413s1948 fr |||fr|||| 00| 0 fre d
040 ## - CATALOGING SOURCE
Original cataloging agency EG-GiCUC
Language of cataloging fre
Transcribing agency EG-GiCUC
Modifying agency EG-GiCUC
Description conventions Rda
082 04 - DEWEY DECIMAL CLASSIFICATION NUMBER
Edition number 21
Classification number 343.621
Item number HE . P
092 04 - LOCALLY ASSIGNED DEWEY CALL NUMBER (OCLC)
Edition number 21
099 ## - LOCAL FREE-TEXT CALL NUMBER (OCLC)
Classification number Law1 10 343.621 HE . P 1948
100 1# - MAIN ENTRY--PERSONAL NAME
Personal name Hélie, Faustin
Relator term Auteur
245 10 - TITLE STATEMENT
Title Pratique Criminelle Des Cours Et Tribunaux.
Number of part/section of a work Tom I.
Statement of responsibility, etc. Faustin Hélie.
250 ## - EDITION STATEMENT
Edition statement Cinquième Édition
Remainder of edition statement Complètement Fefondue Et Mise AU Courant De La Législation Et De La Jurisprédence Par Jean Brouchot
264 #1 - PRODUCTION, PUBLICATION, DISTRIBUTION, MANUFACTURE, AND COPYRIGHT NOTICE
Place of production, publication, distribution, manufacture Paris :
Name of producer, publisher, distributor, manufacturer Editions Techniques S. A,
Date of production, publication, distribution, manufacture, or copyright notice 1948.
300 ## - PHYSICAL DESCRIPTION
Extent 284 page ,
Dimensions 24 cm.
336 ## - CONTENT TYPE
Source rda contenu
Content type term texte
337 ## - MEDIA TYPE
Source rda medias
Media type term Ordinateur
338 ## - CARRIER TYPE
Source transporteur rda
Carrier type term Ressource en ligne
650 1# - SUBJECT ADDED ENTRY--TOPICAL TERM
Topical term or geographic name entry element Quels Sont Les Facteurs Criminels
Source of heading or term qrmak
650 1# - SUBJECT ADDED ENTRY--TOPICAL TERM
Topical term or geographic name entry element Droit De Pénal
Source of heading or term qrmak
651 1# - SUBJECT ADDED ENTRY--GEOGRAPHIC NAME
Source of heading or term qrmak
856 40 - ELECTRONIC LOCATION AND ACCESS
Uniform Resource Identifier <a href="https://fll.law.cu.edu.eg/fulltext/bks/B10-08626.pdf">https://fll.law.cu.edu.eg/fulltext/bks/B10-08626.pdf</a>
905 ## - Cataloger and Reviser Names
Cataloger Name: Yasmin Sayed
942 ## - ADDED ENTRY ELEMENTS (KOHA)
Source of classification or shelving scheme Dewey Decimal Classification
Koha item type Books
Edition 21
Suppress in OPAC No
Holdings
Withdrawn status Lost status Source of classification or shelving scheme Damaged status Not for loan Collection Home library Current library Date acquired Total checkouts Full call number Barcode Date last seen Copy number Price effective from Koha item type
    Dewey Decimal Classification   Not for loan القانون الجنائي جــــامعة القــاهرة مكتبة كلية الحقوق - المبنى الرئيسي 13.04.2026   Law1 10 343.621 HE . P 5 ed - 1948 1008626 V1, C1 B10-08626 13.04.2026 1 13.04.2026 Books
    Dewey Decimal Classification     القانون الدستوري جــــامعة القــاهرة مكتبة كلية الحقوق - المبنى الرئيسي 13.04.2026   Law1 10 343.621 HE . P 5 - 1948 1008625 V1, C2 B10-08625 13.04.2026 2 13.04.2026 Books

© All rights reserved — Faculty of Law, Cairo University